Liverpool 2000's Starting XI - Statistics

General Stats
  • This quiz has been taken 273 times
  • The average score is 82 of 120
Answer Stats
Hint Answer % Correct
2008/2009 CAM Steven Gerrard
98%
2007/2008 CM Steven Gerrard
98%
2006/2007 CM Steven Gerrard
98%
2005/2006 RM Steven Gerrard
98%
2004/2005 CM Steven Gerrard
98%
2003/2004 RM Steven Gerrard
98%
2002/2003 RM Steven Gerrard
98%
2001/2002 RM Steven Gerrard
98%
2000/2001 RM Steven Gerrard
98%
1999/2000 CM Steven Gerrard
98%
2008/2009 GK Pepe Reina
96%
2007/2008 GK Pepe Reina
96%
2006/2007 GK Pepe Reina
96%
2005/2006 GK Pepe Reina
96%
2008/2009 ST Fernando Torres
95%
2007/2008 ST Fernando Torres
95%
2008/2009 CB Jamie Carragher
91%
2007/2008 CB Jamie Carragher
91%
2006/2007 CB Jamie Carragher
91%
2005/2006 CB Jamie Carragher
91%
2004/2005 CB Jamie Carragher
91%
2003/2004 RB Jamie Carragher
91%
2002/2003 CB Jamie Carragher
91%
2001/2002 RB Jamie Carragher
91%
2000/2001 LB Jamie Carragher
91%
1999/2000 RB Jamie Carragher
91%
2008/2009 CM Xabi Alonso
91%
2006/2007 CM Xabi Alonso
91%
2005/2006 CM Xabi Alonso
91%
2004/2005 GK Jerzy Dudek
90%
2003/2004 GK Jerzy Dudek
90%
2002/2003 GK Jerzy Dudek
90%
2001/2002 GK Jerzy Dudek
90%
2007/2008 LB John Arne Riise
88%
2006/2007 LB John Arne Riise
88%
2005/2006 LB John Arne Riise
88%
2004/2005 LM John Arne Riise
88%
2003/2004 LB John Arne Riise
88%
2002/2003 LB John Arne Riise
88%
2001/2002 LB John Arne Riise
88%
2008/2009 RM Dirk Kuyt
86%
2007/2008 ST Dirk Kuyt
86%
2006/2007 ST Dirk Kuyt
86%
2007/2008 CB Sami Hyypia
86%
2005/2006 CB Sami Hyypia
86%
2004/2005 CB Sami Hyypia
86%
2003/2004 CB Sami Hyypia
86%
2002/2003 CB Sami Hyypia
86%
2001/2002 CB Sami Hyypia
86%
2000/2001 CB Sami Hyypia
86%
1999/2000 CB Sami Hyypia
86%
2003/2004 ST Michael Owen
85%
2002/2003 ST Michael Owen
85%
2001/2002 ST Michael Owen
85%
2000/2001 ST Michael Owen
85%
1999/2000 ST Michael Owen
85%
2008/2009 Manager Rafa Benitez
85%
2007/2008 Manager Rafa Benitez
85%
2006/2007 Manager Rafa Benitez
85%
2005/2006 Manager Rafa Benitez
85%
2004/2005 Manager Rafa Benitez
85%
2008/2009 CB Martin Skrtel
84%
2008/2009 CM Javier Mascherano
75%
2007/2008 CM Javier Mascherano
75%
2004/2005 ST Harry Kewell
72%
2003/2004 LM Harry Kewell
72%
2004/2005 ST Milan Baros
69%
2006/2007 CB Daniel Agger
68%
2007/2008 RM Yossi Benayoun
67%
2008/2009 RB Alvaro Arbeloa
64%
2007/2008 RB Alvaro Arbeloa
64%
2006/2007 ST Peter Crouch
63%
2005/2006 ST Peter Crouch
63%
2000/2001 RB Markus Babbel
59%
2004/2005 CM Dietmar Hamann
57%
2003/2004 CM Dietmar Hamann
57%
2002/2003 CM Dietmar Hamann
57%
2001/2002 CM Dietmar Hamann
57%
2000/2001 CM Dietmar Hamann
57%
1999/2000 CM Dietmar Hamann
57%
2005/2006 LM Luis Garcia
57%
2004/2005 RM Luis Garcia
57%
2007/2008 LM Ryan Babel
54%
2006/2007 RB Steve Finnan
54%
2005/2006 RB Steve Finnan
54%
2004/2005 RB Steve Finnan
54%
2003/2004 ST Emile Heskey
49%
2002/2003 ST Emile Heskey
49%
2001/2002 ST Emile Heskey
49%
2000/2001 ST Emile Heskey
49%
2001/2002 LM Vladimir Smicer
49%
2000/2001 LM Vladimir Smicer
49%
2004/2005 LB Djimi Traore
46%
2002/2003 RB Djimi Traore
46%
2003/2004 Manager Gerard Houllier
46%
2002/2003 Manager Gerard Houllier
46%
2001/2002 Manager Gerard Houllier
46%
2000/2001 Manager Gerard Houllier
46%
1999/2000 Manager Gerard Houllier
46%
2006/2007 LM Craig Bellamy
40%
2005/2006 ST Fernando Morientes
37%
2008/2009 LB Fabio Aurelio
36%
2002/2003 LM El-Hadji Diouf
35%
2005/2006 CM Mohamed Sissoko
33%
2001/2002 CB Stephane Henchoz
30%
2000/2001 CB Stephane Henchoz
30%
1999/2000 CB Stephane Henchoz
30%
2008/2009 LM Albert Riera
29%
2006/2007 RM Jermaine Pennant
25%
2000/2001 GK Sander Westerveld
25%
1999/2000 GK Sander Westerveld
25%
2003/2004 CM Danny Murphy
22%
2002/2003 CM Danny Murphy
22%
2001/2002 CM Danny Murphy
22%
2000/2001 CM Gary McAllister
22%
1999/2000 LM Patrik Berger
22%
2003/2004 CB Igor Biscan
14%
1999/2000 ST Titi Camara
13%
1999/2000 LB Dominic Matteo
7%
1999/2000 RM David Thompson
5%
No matching quizzes found
Score Distribution
Percent of People with Each Score
Percentile by Number Answered
Your Score History
You have not taken this quiz